000
00213nam a2200097Ia 4500
008
220204s9999 xx 000 0 und d
082
_a
82-3
_b
KAM
100
_a
Kamala Das
245
0
_a
Alphabet of lust
942
_c
BK
999
_c
28929
_d
28929